Free (K-Pop Demon Hunters) - lyrics - Statistics

General Stats
  • This quiz has been taken 355 times
  • The average score is 292 of 380
Answer Stats
Answer % Correct
I
97%
to
92%
so
91%
the
91%
The
91%
be
89%
we
89%
We
89%
a
88%
but
88%
But
88%
could
88%
free
88%
Free
88%
it
88%
it?
88%
me
88%
my
88%
no
88%
No
88%
you
88%
You
88%
can
87%
in
86%
in?
86%
not
86%
tried
86%
broke
85%
hide
85%
let
84%
Let
84%
sing
84%
feel
83%
if
83%
couldn't
82%
do
82%
something
82%
by
81%
time
81%
for
80%
hit
80%
you're
80%
good
79%
like
79%
Why
79%
anything?
78%
side
78%
tell
78%
with
78%
and
77%
And
77%
does
77%
face
77%
fix
77%
it's
77%
It's
77%
notes
77%
past
76%
What
76%
what
76%
cant
75%
every
75%
never
74%
say
73%
though
73%
All
71%
all
71%
one
71%
only
71%
words
71%
dark
70%
I'm
70%
that
70%
That
70%
way
70%
here
69%
right
69%
throat
69%
til
69%
Til
69%
finally
68%
When
68%
when
68%
catching
67%
escape
67%
weightless
67%
got
66%
was
66%
breathe
65%
change
65%
find
65%
goes
65%
kept
65%
know
65%
wont
65%
both
64%
from?
64%
Oh
64%
we're
64%
were
64%
hope
63%
keep
63%
Keep
63%
been
62%
lose
61%
running
61%
I've
59%
Between
58%
Guess
58%
hand
58%
make
58%
perspective
58%
suffocating
58%
head
57%
take
57%
imposter
56%
monster
56%
secret
56%
this
56%
thought
56%
breaking
55%
chains
55%
dangerous
55%
hoping
55%
just
55%
might
55%
now
55%
inside
54%
nobody
54%
of
54%
buried
53%
hurts
53%
through
53%
dont
52%
easy
52%
smile
52%
damage
51%
fighting
50%
forget
50%
parts
50%
want
50%
trust
49%
broken?
48%
heal
48%
open
48%
sees
48%
what's
48%
Yeah
47%
back
46%
these
46%
up
46%
coming
45%
waking
43%
lost
42%
end
39%
give
39%
voices
38%
choice
37%
Aint
36%
towards
36%
pointing
28%
Ooh
25%
No matching quizzes found
Score Distribution
Percent of People with Each Score
Percentile by Number Answered
Your Score History
You have not taken this quiz